[Event "CRO-ch U17"]
[White "Mandalinic, David"]
[Black "Car, Jura"]
[Site "Split"]
[Round "6"]
[Result "1-0"]
[Date "2024.07.25"]
[WhiteElo "2006"]
[BlackElo "1768"]
[PlyCount "79"]
[EventDate "2024.07.22"]
[EventType "swiss"]
[EventRounds "9"]
[EventCountry "CRO"]
[SourceTitle "CBM 221 Extra"]
[Source "ChessBase"]
[SourceDate "2024.09.30"]
[SourceVersion "1"]
[SourceVersionDate "2024.09.30"]
[SourceQuality "1"]

1. Nc3 Nf6 2. g3 d5 3. d3 Bf5 4. Bg5 Nbd7 5. Bg2 h6 6. Bxf6 Nxf6 7. e4 dxe4 8. dxe4 Bh7 9. e5 Nd7 10. e6 fxe6 11. Bxb7 Rb8 12. Bc6 Rb6 13. Qf3 e5 14. Rd1 Bf5 15. Qd5 g6 16. Na4 Rb4 17. Nc5 Rd4 18. Rxd4 exd4 19. Qxd4 e5 20. Qxe5+ Qe7 21. Bxd7+ Bxd7 22. Qxe7+ Kxe7 23. Nxd7 Kxd7 24. Ne2 Bg7 25. c3 Rb8 26. b3 Re8 27. Kd2 Kc6 28. Re1 Rd8+ 29. Kc2 g5 30. Nd4+ Bxd4 31. cxd4 Rxd4 32. Re6+ Rd6 33. Rxd6+ cxd6 34. f3 h5 35. Kd3 Kd5 36. a3 Ke5 37. b4 g4 38. f4+ Kd5 39. a4 Ke6 40. Ke4 1-0